Computer Graphics Primer (Record no. 974)

MARC details
000 -LEADER
fixed length control field 00331nam a2200145Ia 4500
008 - FIXED-LENGTH DATA ELEMENTS--GENERAL INFORMATION
fixed length control field 221030s9999 xx 000 0 und d
041 ## - LANGUAGE CODE
Language code of text/sound track or separate title
082 ## - DEWEY DECIMAL CLASSIFICATION NUMBER
Classification number 105.23
Item number Wai
100 ## - MAIN ENTRY--AUTHOR NAME
Personal name M. Waite
245 #0 - TITLE STATEMENT
Title Computer Graphics Primer
260 ## - PUBLICATION, DISTRIBUTION, ETC. (IMPRINT)
Name of publisher Howard & Wams
Place of publication USA
Year of publication 1983
300 ## - PHYSICAL DESCRIPTION
Number of Pages 184
650 ## - SUBJECT ADDED ENTRY--TOPICAL TERM
Topical Term BE Computer
942 ## - ADDED ENTRY ELEMENTS (KOHA)
Koha item type Books
Holdings
Accession Number Cost, normal purchase price Full call number Price effective from Koha item type Withdrawn / writtenoff status Materials specified (bound volume or other part) Damaged status Not for loan Permanent Location Current Location Shelving location Date acquired Lost/ Missing status department
BE 10 574.00 105.23 Wai 10/30/2022 Books   Print     MIET Library, Jammu MIET Library, Jammu BL-Academic Block Ac, FL-1, CUP-37, SH-1, R-1 10/08/1996   BE